நர்மதாவின் தமிழ் அகராதி (Record no. 4878)

MARC details
000 -LEADER
fixed length control field 00638nam a22001937a 4500
003 - CONTROL NUMBER IDENTIFIER
control field LK-CoMWRAF
005 - DATE AND TIME OF LATEST TRANSACTION
control field 20240605162515.0
008 - FIXED-LENGTH DATA ELEMENTS--GENERAL INFORMATION
fixed length control field 240331b2017 |||||||| |||| 00| 0 eng d
040 ## - CATALOGING SOURCE
Original cataloging agency LK-CoMWRAF
Modifying agency LK-CoMWRAF
Description conventions LK-CoMWRAF
041 ## - LANGUAGE CODE
Language code of text/sound track or separate title Tamil
082 ## - DEWEY DECIMAL CLASSIFICATION NUMBER
Classification number 494.811
Item number NAR
942 ## - ADDED ENTRY ELEMENTS (KOHA)
Koha item type Reference
700 ## - ADDED ENTRY--PERSONAL NAME
Personal name மருதிதாசம், செந்தமிழறிஞர்
Personal name (Transliterated) Maarudhidhaasan, Senthamizh
245 ## - TITLE STATEMENT
Title நர்மதாவின் தமிழ் அகராதி
246 ## - VARYING FORM OF TITLE
Title proper/short title Narmatāviṉ tamiḻ akarāthi
260 ## - PUBLICATION, DISTRIBUTION, ETC. (IMPRINT)
Place of publication, distribution, etc. Chennai:
Name of publisher, distributor, etc. Narmada,
Date of publication, distribution, etc. 2005
300 ## - PHYSICAL DESCRIPTION
Extent 816 p. ill.
650 ## - SUBJECT ADDED ENTRY--TOPICAL TERM
Topical term or geographic name as entry element DICTIONARIES-Tamil-English
Holdings
Withdrawn status Lost status Damaged status Not for loan Permanent Location Current Location Date acquired Full call number Barcode Koha item type
        Resource center, Muslim Women's Research And Action Forum Resource center, Muslim Women's Research And Action Forum 2024-03-31 494.811 NAR RAF5233 Reference

Copyright © 2023 Muslim Women's Research and Action Forum (MWRAF), No 27/3, Anderson Road, Kalubowila, Dehiwela. Funded by The Asia Fundation